000 00405nam a2200157Ia 4500
008 230711s9999||||xx |||||||||||||| ||und||
041 _aENG
082 _a621
_bIS-A
100 _aIsmail M,
245 0 _aAnalog VLSI: Signal and Information 
250 _a1st Ed.
260 _c1994
_aNew Delhi
_bTata McGraw Hill Education Limited
650 _aElectrical Engineering
700 _aFiez T
942 _cBK
999 _c2305
_d2305